Democracia sin exclusiones ni excluidos /

محفوظ في:
التفاصيل البيبلوغرافية
المؤلف الرئيسي: Sader, Emir
التنسيق: غير معروف
منشور في: Caracas: Nueva Sociedad
الوسوم: إضافة وسم
لا توجد وسوم, كن أول من يضع وسما على هذه التسجيلة!

MARC

LEADER 00000 a2200000 04500
001 10284
003
008 991231s d
040
090 |a 135601  
100 |a Sader, Emir  
245 |a Democracia sin exclusiones ni excluidos /  |c Emir Sader 
260 |a Caracas:   |b Nueva Sociedad  
300 |a 236 p.  
999 |c 2534  |d 2534